Management of Company Finance / Fifth Edition (Record no. 871)
[ view plain ]
| 000 -LEADER | |
|---|---|
| fixed length control field | 01607cam a22002294a 4500 |
| 005 - ΗΜΕΡΟΜΗΝΙΑ ΚΑΙ ΩΡΑ ΤΕΛΕΥΤΑΙΑΣ ΕΝΗΜΕΡΩΣΗΣ | |
| Πεδίο ελέγχου | 20250605163948.0 |
| 008 - FIXED-LENGTH DATA ELEMENTS--GENERAL INFORMATION | |
| Πεδίο ελέγχου σταθερού μήκους | 250528s ||||||||||||||||||||||||d |
| 035 ## - SYSTEM CONTROL NUMBER | |
| System control number | 15280 |
| 020 ## - ISBN | |
| ISBN | 412374706 |
| 040 ## - ΠΗΓΗ ΚΑΤΑΛΟΓΟΓΡΑΦΗΣΗΣ | |
| Φορέας πρωτότυπης καταλογογράφησης | MC Athens Campus Library |
| Γλώσσα καταλογογράφησης | Ελληνικά, Μοντέρνα (1453-) |
| Modifying agency | MC Athens Campus Library |
| Κανόνες περιγραφικής καταλογογράφησης | AACR2 |
| 245 1# - ΤΙΤΛΟΣ ΚΑΙ ΔΗΛΩΣΗ ΥΠΕΥΘΥΝΟΤΗΤΑΣ | |
| Τίτλος | Management of Company Finance / Fifth Edition |
| 250 ## - EDITION STATEMENT | |
| Edition statement | 5th |
| 260 ## - PUBLICATION, DISTRIBUTION, ETC. | |
| Name of publisher, distributor, etc. | Chapman & Hall, |
| Date of publication, distribution, etc. | 1990 |
| 300 ## - PHYSICAL DESCRIPTION | |
| Extent | 762 |
| 520 ## - SUMMARY, ETC. | |
| Summary, etc. | There is a greater emphasis on the underlying theories of finance, and expanded coverage of options, international finance issues, company reorganizations including share repurchase, and UK institutional finance. The Financial Environment, Flow of Funds and Taxation, Finance and Accounting, Investment Appraisal: Basic Methods, Investment Appraisal: further topics, Capital Rationing and Risk Analysis in Imperfect Markets, Corporate Strategy and high Technology Investments, Introduction to Risk and Return, Portfolio Theory and Capital Asset Pricing Model, Capital Budgeting and the Capital Asset Pricing Model, Option Theory, Stock Market Efficiency, Equity Share Capital, Long-Term Debt Finance, Share Price Valuation and the Cost of Capital, Dividend Policy, Capital Structure Policy, Financial Planning, Short-and Medium-Term Sources of Finance, Management of Cash, Management of Debtors, Management of Inventory, Mergers and Acquisitions, Company Restructuring, International Financial Management, Small Business Finance, Tables, Index. |
| 700 1# - ΠΡΟΣΘΕΤΗ ΑΝΑΓΡΑΦΗ--ΦΥΣΙΚΟ ΠΡΟΣΩΠΟ | |
| Personal name | Samuels John Malcolm |
| 9 (RLIN) | 1132 |
| 700 1# - ΠΡΟΣΘΕΤΗ ΑΝΑΓΡΑΦΗ--ΦΥΣΙΚΟ ΠΡΟΣΩΠΟ | |
| Personal name | Wilkes F.M |
| 9 (RLIN) | 1133 |
| 710 2# - ΠΡΟΣΘΕΤΗ ΑΝΑΓΡΑΦΗ--ΣΥΛΛΟΓΙΚΟ ΟΡΓΑΝΟ | |
| Corporate name or jurisdiction name as entry element | Brayshaw R.E |
| 9 (RLIN) | 9718 |
| 942 ## - ADDED ENTRY ELEMENTS (KOHA) | |
| Koha item type | Books |
| Τύπος τεκμηρίου | Βιβλιοθήκη | Τρέχουσα τοποθεσία | Barcode | Αριθμός εισαγωγής | Ημερομηνία απόκτησης | Ταξιθετικό σύμβολο | Αριθμός αντιτύπου | Κατάσταση απόσυρσης | Κατάσταση χαμένου | Κατάσταση κατεστραμμένου | Μη δανεισμός | Σύνολο δανεισμών | Ημερομηνία τελευταίας εμφάνισης | Η τιμή ισχύει από |
|---|---|---|---|---|---|---|---|---|---|---|---|---|---|---|
| Books | MC Athens Campus Library | MC Athens Campus Library | 9780000008701 | 1524 | 05/06/2025 | 658.15 SAM | 1 | 05/06/2025 | 05/06/2025 |